[Event "1st 4NCL Easter Congress"]
[Site "Stevenage"]
[Date "2019.04.20"]
[Round "2"]
[Board "15"]
[White "See, Tristian"]
[Black "Woltery, Nicolai"]
[Result "1/2-1/2"]
[WhiteElo "1978"]
[BlackElo "1865"]
[PlyCount "0"]
[EventDate "2019.04.19"]
[EventRounds "7"]
[EventCountry "ENG"]

1. e4 {[%clk 01:30:57]} {[%emt 00:00:02]} c5 {[%clk 01:28:03]} {[%emt
00:02:58]} 2. Nf3 {[%clk 01:31:19]} {[%emt 00:00:08]} Nc6 {[%clk 01:28:28]}
{[%emt 00:00:05]} 3. Bb5 {[%clk 01:31:34]} {[%emt 00:00:15]} g6 {[%clk
01:28:51]} {[%emt 00:00:07]} 4. O-O {[%clk 01:31:27]} {[%emt 00:00:37]} Bg7
{[%clk 01:25:06]} {[%emt 00:04:15]} 5. Bxc6 {[%clk 01:29:02]} {[%emt 00:02:55]}
bxc6 {[%clk 01:23:14]} {[%emt 00:02:23]} 6. Re1 {[%clk 01:26:22]} {[%emt
00:03:08]} Nf6 {[%clk 01:04:32]} {[%emt 00:19:13]} 7. c3 {[%clk 01:23:42]}
{[%emt 00:03:10]} d6 {[%clk 00:55:13]} {[%emt 00:09:49]} 8. d4 {[%clk
01:18:49]} {[%emt 00:05:22]} cxd4 {[%clk 00:53:38]} {[%emt 00:02:06]} 9. cxd4
{[%clk 01:19:08]} {[%emt 00:00:11]} O-O {[%clk 00:42:39]} {[%emt 00:11:29]} 10.
Nc3 {[%clk 01:12:36]} {[%emt 00:07:02]} h6 {[%clk 00:32:20]} {[%emt 00:10:49]}
11. h3 {[%clk 01:12:04]} {[%emt 00:01:02]} Be6 {[%clk 00:30:06]} {[%emt
00:02:44]} 12. Be3 {[%clk 01:10:35]} {[%emt 00:01:58]} Qa5 {[%clk 00:26:00]}
{[%emt 00:04:37]} 13. Qd2 {[%clk 01:04:53]} {[%emt 00:06:11]} Kh7 {[%clk
00:25:57]} {[%emt 00:00:34]} 14. Rac1 {[%clk 01:03:07]} {[%emt 00:02:16]} Rfd8
{[%clk 00:19:28]} {[%emt 00:06:59]} 15. b3 {[%clk 00:55:24]} {[%emt 00:08:13]}
c5 {[%clk 00:13:36]} {[%emt 00:06:22]} 16. d5 {[%clk 00:52:59]} {[%emt
00:02:55]} Bd7 {[%clk 00:11:48]} {[%emt 00:02:17]} 17. Qc2 {[%clk 00:52:09]}
{[%emt 00:01:20]} Be8 {[%clk 00:09:52]} {[%emt 00:02:26]} 18. Nd2 {[%clk
00:49:53]} {[%emt 00:02:46]} Nd7 {[%clk 00:09:50]} {[%emt 00:00:33]} 19. Nc4
{[%clk 00:47:28]} {[%emt 00:02:55]} Qxc3 {[%clk 00:09:42]} {[%emt 00:00:38]} 20.
Qxc3 {[%clk 00:47:52]} {[%emt 00:00:05]} Bxc3 {[%clk 00:10:08]} {[%emt
00:00:05]} 21. Rxc3 {[%clk 00:48:16]} {[%emt 00:00:06]} f6 {[%clk 00:06:47]}
{[%emt 00:03:50]} 22. Bd2 {[%clk 00:43:00]} {[%emt 00:05:46]} Ne5 {[%clk
00:06:08]} {[%emt 00:01:10]} 23. Nxe5 {[%clk 00:42:15]} {[%emt 00:01:15]} fxe5
{[%clk 00:06:29]} {[%emt 00:00:09]} 24. f4 {[%clk 00:42:00]} {[%emt 00:00:44]}
exf4 {[%clk 00:06:37]} {[%emt 00:00:22]} 25. Bxf4 {[%clk 00:42:23]} {[%emt
00:00:07]} g5 {[%clk 00:06:55]} {[%emt 00:00:12]} 26. Bg3 {[%clk 00:42:12]}
{[%emt 00:00:41]} a5 {[%clk 00:05:33]} {[%emt 00:01:52]} 27. e5 {[%clk
00:41:48]} {[%emt 00:00:54]} Ra7 {[%clk 00:04:50]} {[%emt 00:01:14]} 28. exd6
{[%clk 00:40:48]} {[%emt 00:01:29]} exd6 {[%clk 00:05:12]} {[%emt 00:00:08]} 29.
Re6 {[%clk 00:40:58]} {[%emt 00:00:20]} Bf7 {[%clk 00:03:34]} {[%emt 00:02:08]}
30. Rxd6 {[%clk 00:41:18]} {[%emt 00:00:10]} Rxd6 {[%clk 00:04:00]} {[%emt
00:00:05]} 31. Bxd6 {[%clk 00:41:42]} {[%emt 00:00:05]} Bxd5 {[%clk 00:04:21]}
{[%emt 00:00:09]} 32. Rxc5 {[%clk 00:40:50]} {[%emt 00:01:22]} Bf7 {[%clk
00:04:07]} {[%emt 00:00:44]} 33. Rc2 {[%clk 00:36:11]} {[%emt 00:05:09]} h5
{[%clk 00:02:22]} {[%emt 00:02:16]} 34. Ba3 {[%clk 00:35:03]} {[%emt 00:01:38]}
g4 {[%clk 00:02:21]} {[%emt 00:00:31]} 35. h4 {[%clk 00:32:34]} {[%emt
00:02:58]} Rd7 {[%clk 00:01:56]} {[%emt 00:00:55]} 36. Kf2 {[%clk 00:28:25]}
{[%emt 00:04:38]} Rd1 {[%clk 00:02:09]} {[%emt 00:00:18]} 37. Bc1 {[%clk
00:25:25]} {[%emt 00:03:30]} Rh1 {[%clk 00:01:11]} {[%emt 00:01:27]} 38. Kg3
{[%clk 00:25:13]} {[%emt 00:00:43]} Rd1 {[%clk 00:01:03]} {[%emt 00:00:39]} 39.
Bd2 {[%clk 00:24:04]} {[%emt 00:01:39]} a4 {[%clk 00:01:08]} {[%emt 00:00:25]}
40. bxa4 {[%clk 00:23:54]} {[%emt 00:00:39]} Ra1 {[%clk 00:01:19]} {[%emt
00:00:18]} 41. a5 {[%clk 00:23:13]} {[%emt 00:01:12]} Rxa2 {[%clk 00:01:29]}
{[%emt 00:00:20]} 42. Rxa2 {[%clk 00:23:27]} {[%emt 00:00:16]} Bxa2 {[%clk
00:01:51]} {[%emt 00:00:09]} 43. a6 {[%clk 00:23:50]} {[%emt 00:00:07]} Bd5
{[%clk 00:02:13]} {[%emt 00:00:07]} 44. a7 {[%clk 00:24:10]} {[%emt 00:00:11]}
Kg6 {[%clk 00:02:34]} {[%emt 00:00:08]} 45. Kf2 {[%clk 00:24:36]} {[%emt
00:00:04]} Kf5 {[%clk 00:02:56]} {[%emt 00:00:08]} 46. g3 {[%clk 00:24:49]}
{[%emt 00:00:16]} Ke4 {[%clk 00:03:20]} {[%emt 00:00:06]} 47. Bg5 {[%clk
00:23:09]} {[%emt 00:02:11]} Kd3 {[%clk 00:03:28]} {[%emt 00:00:22]} 48. Bf4
{[%clk 00:23:33]} {[%emt 00:00:06]} Ba8 {[%clk 00:03:02]} {[%emt 00:00:56]} 49.
Ke1 {[%clk 00:23:57]} {[%emt 00:00:06]} Bf3 {[%clk 00:03:26]}  1/2-1/2

[Event "1st 4NCL Easter Congress"]
[Site "Stevenage"]
[Date "2019.04.20"]
[Round "2"]
[Board "16"]
[White "Varley, Joe"]
[Black "Estevez Fernandez, Josue"]
[Result "0-1"]
[WhiteElo "1787"]
[BlackElo "1976"]
[PlyCount "0"]
[EventDate "2019.04.19"]
[EventRounds "7"]
[EventCountry "ENG"]

1. e4 {[%clk 01:30:56]} {[%emt 00:00:03]} c5 {[%clk 01:30:49]} {[%emt
00:00:13]} 2. Nf3 {[%clk 01:31:17]} {[%emt 00:00:08]} Nc6 {[%clk 01:31:11]}
{[%emt 00:00:08]} 3. d4 {[%clk 01:31:40]} {[%emt 00:00:06]} cxd4 {[%clk
01:31:40]} {[%emt 00:00:03]} 4. Nxd4 {[%clk 01:31:58]} {[%emt 00:00:11]} Nf6
{[%clk 01:32:07]} {[%emt 00:00:03]} 5. Nc3 {[%clk 01:32:13]} {[%emt 00:00:16]}
e5 {[%clk 01:32:25]} {[%emt 00:00:11]} 6. Ndb5 {[%clk 01:32:30]} {[%emt
00:00:13]} d6 {[%clk 01:32:54]} {[%emt 00:00:02]} 7. Bg5 {[%clk 01:32:34]}
{[%emt 00:00:24]} a6 {[%clk 01:33:21]} {[%emt 00:00:04]} 8. Na3 {[%clk
01:32:55]} {[%emt 00:00:08]} b5 {[%clk 01:33:50]} {[%emt 00:00:02]} 9. Nd5
{[%clk 01:33:12]} {[%emt 00:00:13]} Be7 {[%clk 01:34:18]} {[%emt 00:00:02]} 10.
Nxe7 {[%clk 01:30:36]} {[%emt 00:03:06]} Nxe7 {[%clk 01:34:39]} {[%emt
00:00:10]} 11. Bxf6 {[%clk 01:20:13]} {[%emt 00:10:52]} gxf6 {[%clk 01:35:07]}
{[%emt 00:00:02]} 12. c4 {[%clk 01:16:27]} {[%emt 00:04:17]} b4 {[%clk
01:29:26]} {[%emt 00:06:11]} 13. Nc2 {[%clk 01:10:31]} {[%emt 00:06:25]} Bb7
{[%clk 01:24:25]} {[%emt 00:05:29]} 14. f3 {[%clk 01:08:33]} {[%emt 00:02:30]}
f5 {[%clk 01:13:33]} {[%emt 00:11:23]} 15. exf5 {[%clk 00:58:36]} {[%emt
00:10:26]} Nxf5 {[%clk 01:13:59]} {[%emt 00:00:03]} 16. Qd2 {[%clk 00:56:46]}
{[%emt 00:02:20]} Qh4+ {[%clk 01:01:15]} {[%emt 00:13:13]} 17. Qf2 {[%clk
00:56:39]} {[%emt 00:00:38]} Qf4 {[%clk 01:01:27]} {[%emt 00:00:17]} 18. Qb6
{[%clk 00:47:11]} {[%emt 00:09:59]} Rb8 {[%clk 01:00:31]} {[%emt 00:01:26]} 19.
Bd3 {[%clk 00:35:49]} {[%emt 00:11:53]} O-O {[%clk 00:40:21]} {[%emt 00:20:41]}
20. Bxf5 {[%clk 00:30:59]} {[%emt 00:05:19]} Qxf5 {[%clk 00:39:58]} {[%emt
00:00:52]} 21. O-O-O {[%clk 00:30:55]} {[%emt 00:00:34]} Bxf3 {[%clk 00:37:07]}
{[%emt 00:03:22]} 22. Qf2 {[%clk 00:25:34]} {[%emt 00:05:50]} Qg5+ {[%clk
00:31:49]} {[%emt 00:05:47]} 23. Rd2 {[%clk 00:24:26]} {[%emt 00:01:40]} Be4
{[%clk 00:31:13]} {[%emt 00:01:03]} 24. Ne3 {[%clk 00:21:04]} {[%emt 00:03:54]}
b3 {[%clk 00:29:18]} {[%emt 00:02:26]} 25. a3 {[%clk 00:20:58]} {[%emt
00:00:36]} Rbc8 {[%clk 00:29:35]} {[%emt 00:00:14]} 26. h4 {[%clk 00:17:58]}
{[%emt 00:03:29]} Qf4 {[%clk 00:26:02]} {[%emt 00:04:02]} 27. Kd1 {[%clk
00:14:29]} {[%emt 00:04:00]} f5 {[%clk 00:18:03]} {[%emt 00:08:30]} 28. Qe2
{[%clk 00:13:11]} {[%emt 00:01:46]} Rc6 {[%clk 00:16:18]} {[%emt 00:02:15]} 29.
h5 {[%clk 00:10:45]} {[%emt 00:02:57]} Rfc8 {[%clk 00:15:38]} {[%emt 00:01:09]}
30. Rg1 {[%clk 00:09:33]} {[%emt 00:01:40]} d5 {[%clk 00:15:58]} {[%emt
00:00:13]} 31. g4 {[%clk 00:09:26]} {[%emt 00:00:35]} Bf3 {[%clk 00:16:03]}
{[%emt 00:00:26]} 32. gxf5+ {[%clk 00:09:24]} {[%emt 00:00:33]} Kf7 {[%clk
00:16:03]} {[%emt 00:00:28]} 33. Nxd5 {[%clk 00:09:24]} {[%emt 00:00:31]} Bxe2+
{[%clk 00:16:22]} {[%emt 00:00:11]} 34. Rxe2 {[%clk 00:09:02]} {[%emt
00:00:51]} Qd4+ {[%clk 00:16:37]} {[%emt 00:00:15]}  0-1

[Event "1st 4NCL Easter Congress"]
[Site "Stevenage"]
[Date "2019.04.20"]
[Round "2"]
[Board "17"]
[White "Cocks, Elliot"]
[Black "Johnson, Paul A"]
[Result "1/2-1/2"]
[WhiteElo "1944"]
[BlackElo "1804"]
[PlyCount "0"]
[EventDate "2019.04.19"]
[EventRounds "7"]
[EventCountry "ENG"]

1. d4 {[%clk 01:30:57]} {[%emt 00:00:02]} d5 {[%clk 01:30:41]} {[%emt
00:00:19]} 2. c4 {[%clk 01:31:19]} {[%emt 00:00:08]} e6 {[%clk 01:30:49]}
{[%emt 00:00:22]} 3. Nc3 {[%clk 01:31:40]} {[%emt 00:00:09]} Nf6 {[%clk
01:30:49]} {[%emt 00:00:29]} 4. cxd5 {[%clk 01:30:56]} {[%emt 00:01:14]} exd5
{[%clk 01:31:07]} {[%emt 00:00:13]} 5. Bg5 {[%clk 01:31:18]} {[%emt 00:00:08]}
Be7 {[%clk 01:31:18]} {[%emt 00:00:18]} 6. e3 {[%clk 01:31:33]} {[%emt
00:00:15]} c6 {[%clk 01:31:13]} {[%emt 00:00:35]} 7. Bd3 {[%clk 01:31:56]}
{[%emt 00:00:08]} O-O {[%clk 01:30:32]} {[%emt 00:01:11]} 8. Qc2 {[%clk
01:32:18]} {[%emt 00:00:08]} Nbd7 {[%clk 01:30:38]} {[%emt 00:00:24]} 9. Nge2
{[%clk 01:32:24]} {[%emt 00:00:23]} Re8 {[%clk 01:30:29]} {[%emt 00:00:40]} 10.
O-O {[%clk 01:32:35]} {[%emt 00:00:18]} Nf8 {[%clk 01:30:28]} {[%emt 00:00:32]}
11. Rab1 {[%clk 01:22:42]} {[%emt 00:10:22]} Ne4 {[%clk 01:23:32]} {[%emt
00:07:25]} 12. Bxe7 {[%clk 01:22:20]} {[%emt 00:00:54]} Qxe7 {[%clk 01:23:52]}
{[%emt 00:00:11]} 13. b4 {[%clk 01:22:06]} {[%emt 00:00:43]} Bg4 {[%clk
01:17:43]} {[%emt 00:06:38]} 14. Ng3 {[%clk 01:19:54]} {[%emt 00:02:42]} Nxg3
{[%clk 01:16:18]} {[%emt 00:01:56]} 15. hxg3 {[%clk 01:20:16]} {[%emt
00:00:08]} Bh5 {[%clk 01:09:45]} {[%emt 00:07:03]} 16. b5 {[%clk 01:19:13]}
{[%emt 00:01:33]} Bg6 {[%clk 01:09:39]} {[%emt 00:00:35]} 17. Bxg6 {[%clk
01:17:17]} {[%emt 00:02:27]} Nxg6 {[%clk 01:09:22]} {[%emt 00:00:48]} 18. bxc6
{[%clk 01:17:11]} {[%emt 00:00:35]} bxc6 {[%clk 01:09:44]} {[%emt 00:00:08]} 19.
Na4 {[%clk 01:17:24]} {[%emt 00:00:17]} Rec8 {[%clk 01:07:59]} {[%emt
00:02:15]} 20. Nc5 {[%clk 01:17:19]} {[%emt 00:00:35]} Rab8 {[%clk 01:06:45]}
{[%emt 00:01:43]} 21. Qa4 {[%clk 01:17:00]} {[%emt 00:00:49]} Rb6 {[%clk
00:56:40]} {[%emt 00:10:34]} 22. Rfc1 {[%clk 01:14:08]} {[%emt 00:03:23]} Rcb8
{[%clk 00:47:05]} {[%emt 00:10:06]} 23. Nb3 {[%clk 01:12:28]} {[%emt 00:02:10]}
Qc7 {[%clk 00:42:54]} {[%emt 00:04:40]} 24. Rb2 {[%clk 01:11:16]} {[%emt
00:01:42]} Ne7 {[%clk 00:42:14]} {[%emt 00:01:11]} 25. Rbc2 {[%clk 01:10:15]}
{[%emt 00:01:31]} Rb5 {[%clk 00:35:05]} {[%emt 00:07:39]} 26. Rc5 {[%clk
01:06:23]} {[%emt 00:04:22]} Qd7 {[%clk 00:27:41]} {[%emt 00:07:53]} 27. Qa3
{[%clk 01:01:03]} {[%emt 00:05:50]} h6 {[%clk 00:25:36]} {[%emt 00:02:36]} 28.
R5c2 {[%clk 00:54:44]} {[%emt 00:06:49]} R8b6 {[%clk 00:20:28]} {[%emt
00:05:38]} 29. Nc5 {[%clk 00:53:35]} {[%emt 00:01:38]} Qc7 {[%clk 00:20:03]}
{[%emt 00:00:55]} 30. Qc3 {[%clk 00:52:43]} {[%emt 00:01:21]} Qd6 {[%clk
00:14:14]} {[%emt 00:06:21]} 31. Nd3 {[%clk 00:50:21]} {[%emt 00:02:51]} Rb1
{[%clk 00:13:27]} {[%emt 00:01:18]} 32. Qa5 {[%clk 00:48:47]} {[%emt 00:02:04]}
Qb8 {[%clk 00:11:48]} {[%emt 00:02:09]} 33. Qc5 {[%clk 00:47:48]} {[%emt
00:01:28]} Qc7 {[%clk 00:10:13]} {[%emt 00:02:05]} 34. a4 {[%clk 00:45:52]}
{[%emt 00:02:27]} f6 {[%clk 00:08:49]} {[%emt 00:01:54]} 35. Nf4 {[%clk
00:44:23]} {[%emt 00:01:58]} Qd7 {[%clk 00:08:26]} {[%emt 00:00:54]} 36. g4
{[%clk 00:42:53]} {[%emt 00:02:00]} Rxc1+ {[%clk 00:07:00]} {[%emt 00:01:56]}
37. Rxc1 {[%clk 00:43:08]} {[%emt 00:00:15]} Rb7 {[%clk 00:05:28]} {[%emt
00:02:02]} 38. f3 {[%clk 00:40:41]} {[%emt 00:02:57]} g5 {[%clk 00:05:04]}
{[%emt 00:00:55]} 39. Nd3 {[%clk 00:39:15]} {[%emt 00:01:55]} Qe6 {[%clk
00:05:06]} {[%emt 00:00:27]} 40. Kf2 {[%clk 00:39:10]} {[%emt 00:00:35]} Rb6
{[%clk 00:03:57]} {[%emt 00:01:40]} 41. Qc2 {[%clk 00:39:18]} {[%emt 00:00:19]}
Qd6 {[%clk 00:02:50]} {[%emt 00:01:39]} 42. Nc5 {[%clk 00:38:31]} {[%emt
00:01:17]} Kg7 {[%clk 00:02:44]} {[%emt 00:00:37]} 43. g3 {[%clk 00:33:44]}
{[%emt 00:05:16]} Rb8 {[%clk 00:01:59]} {[%emt 00:01:16]} 44. Rd1 {[%clk
00:31:10]} {[%emt 00:03:03]} Rb6 {[%clk 00:02:04]} {[%emt 00:00:26]} 45. Kg2
{[%clk 00:30:43]} {[%emt 00:00:56]} Rb8 {[%clk 00:02:06]} {[%emt 00:00:27]} 46.
f4 {[%clk 00:27:22]} {[%emt 00:03:53]} Rb6 {[%clk 00:02:01]} {[%emt 00:00:35]}
47. f5 {[%clk 00:27:28]} {[%emt 00:00:23]} Rb8 {[%clk 00:01:56]} {[%emt
00:00:36]} 48. Kf3 {[%clk 00:27:30]} {[%emt 00:00:26]} Rb6 {[%clk 00:01:59]}
{[%emt 00:00:29]} 49. Rh1 {[%clk 00:26:36]} {[%emt 00:01:23]} Ng8 {[%clk
00:02:12]} {[%emt 00:00:18]} 50. Qh2 {[%clk 00:26:20]} {[%emt 00:00:43]} Qe7
{[%clk 00:02:06]} {[%emt 00:00:38]} 51. Qa2 {[%clk 00:23:53]} {[%emt 00:02:57]}
Kh7 {[%clk 00:01:28]} {[%emt 00:01:09]} 52. Rb1 {[%clk 00:21:34]} {[%emt
00:02:49]} Rxb1 {[%clk 00:01:07]} {[%emt 00:00:51]} 53. Qxb1 {[%clk 00:21:56]}
{[%emt 00:00:08]} Qc7 {[%clk 00:01:22]} {[%emt 00:00:15]} 54. Ne6 {[%clk
00:21:52]} {[%emt 00:00:33]} Qb6 {[%clk 00:00:42]} {[%emt 00:01:11]} 55. Qa2
{[%clk 00:20:15]} {[%emt 00:02:06]} Qb7 {[%clk 00:00:42]} {[%emt 00:00:30]} 56.
a5 {[%clk 00:19:33]} {[%emt 00:01:13]} Qf7 {[%clk 00:00:36]} {[%emt 00:00:36]}
57. a6 {[%clk 00:19:06]} {[%emt 00:00:57]} h5 {[%clk 00:00:45]} {[%emt
00:00:21]} 58. Qh2 {[%clk 00:10:12]} {[%emt 00:09:24]} Nh6 {[%clk 00:00:54]}
{[%emt 00:00:21]} 59. Qxh5 {[%clk 00:10:29]} {[%emt 00:00:12]} Qxh5 {[%clk
00:01:15]} {[%emt 00:00:10]} 60. gxh5 {[%clk 00:10:54]} {[%emt 00:00:04]} Nxf5
{[%clk 00:01:39]} {[%emt 00:00:07]} 61. Nd8 {[%clk 00:11:14]} {[%emt 00:00:10]}
Ne7 {[%clk 00:02:01]} {[%emt 00:00:08]} 62. g4 {[%clk 00:11:39]} {[%emt
00:00:04]} Kh6 {[%clk 00:02:01]} {[%emt 00:00:30]} 63. Nf7+ {[%clk 00:11:29]}
{[%emt 00:00:41]} Kg7 {[%clk 00:02:21]} {[%emt 00:00:10]} 64. Nd6 {[%clk
00:11:38]} {[%emt 00:00:21]} Kh6 {[%clk 00:02:13]} {[%emt 00:00:38]} 65. e4
{[%clk 00:09:28]} {[%emt 00:02:39]} Kh7 {[%clk 00:00:55]} {[%emt 00:01:48]} 66.
Ne8 {[%clk 00:08:11]} {[%emt 00:01:48]} Ng8 {[%clk 00:00:59]} {[%emt 00:00:25]}
67. Ke3 {[%clk 00:02:07]} {[%emt 00:06:34]} Kh6 {[%clk 00:01:11]} {[%emt
00:00:19]} 68. Kd3 {[%clk 00:02:14]} {[%emt 00:00:22]} Kh7 {[%clk 00:01:21]}
{[%emt 00:00:21]} 69. Nd6 {[%clk 00:01:20]} {[%emt 00:01:24]} Ne7 {[%clk
00:01:27]} {[%emt 00:00:24]} 70. exd5 {[%clk 00:01:15]} {[%emt 00:00:34]} cxd5
{[%clk 00:01:26]} {[%emt 00:00:32]} 71. Ke3 {[%clk 00:00:38]} {[%emt 00:01:07]}
Kg7 {[%clk 00:01:10]} {[%emt 00:00:45]} 72. Ne8+ {[%clk 00:00:42]} {[%emt
00:00:27]} Kf7 {[%clk 00:01:18]} {[%emt 00:00:21]} 73. Nd6+ {[%clk 00:00:56]}
{[%emt 00:00:17]} Ke6 {[%clk 00:01:20]} {[%emt 00:00:28]} 74. Nb5 {[%clk
00:01:00]} {[%emt 00:00:26]} Nc6 {[%clk 00:01:27]} {[%emt 00:00:23]} 75. Nc7+
{[%clk 00:00:57]} {[%emt 00:00:34]} Kd6 {[%clk 00:01:35]} {[%emt 00:00:21]} 76.
Nb5+ {[%clk 00:01:16]} {[%emt 00:00:11]} Ke7 {[%clk 00:01:50]} {[%emt
00:00:14]} 77. Kf3 {[%clk 00:00:41]} {[%emt 00:01:05]} Kf8 {[%clk 00:01:26]}
{[%emt 00:00:54]} 78. Ke3 {[%clk 00:00:14]}  1/2-1/2

[Event "1st 4NCL Easter Congress"]
[Site "Stevenage"]
[Date "2019.04.20"]
[Round "2"]
[Board "18"]
[White "Simpson, Derek"]
[Black "Royal, Shreyas"]
[Result "0-1"]
[WhiteElo "1668"]
[BlackElo "1943"]
[PlyCount "0"]
[EventDate "2019.04.19"]
[EventRounds "7"]
[EventCountry "ENG"]

1. e4 {[%clk 01:30:58]} {[%emt 00:00:02]} e5 {[%clk 01:30:26]} {[%emt
00:00:35]} 2. Nf3 {[%clk 01:31:21]} {[%emt 00:00:06]} Nc6 {[%clk 01:30:38]}
{[%emt 00:00:18]} 3. d4 {[%clk 01:31:45]} {[%emt 00:00:06]} exd4 {[%clk
01:29:54]} {[%emt 00:01:15]} 4. Nxd4 {[%clk 01:32:13]} {[%emt 00:00:02]} Nf6
{[%clk 01:29:26]} {[%emt 00:00:57]} 5. Nxc6 {[%clk 01:30:41]} {[%emt 00:02:02]}
bxc6 {[%clk 01:28:47]} {[%emt 00:01:09]} 6. Bd3 {[%clk 01:28:43]} {[%emt
00:02:28]} d5 {[%clk 01:26:00]} {[%emt 00:03:18]} 7. O-O {[%clk 01:26:33]}
{[%emt 00:02:39]} dxe4 {[%clk 01:23:14]} {[%emt 00:03:17]} 8. Qe2 {[%clk
01:26:34]} {[%emt 00:00:28]} Qe7 {[%clk 01:22:25]} {[%emt 00:01:20]} 9. Bc4
{[%clk 01:26:03]} {[%emt 00:01:02]} Qe5 {[%clk 01:18:54]} {[%emt 00:04:00]} 10.
Re1 {[%clk 01:19:39]} {[%emt 00:06:54]} Bd6 {[%clk 01:17:35]} {[%emt 00:01:48]}
11. g3 {[%clk 01:19:45]} {[%emt 00:00:25]} Bg4 {[%clk 01:15:27]} {[%emt
00:02:38]} 12. Qe3 {[%clk 01:14:20]} {[%emt 00:05:55]} O-O {[%clk 01:14:21]}
{[%emt 00:01:36]} 13. Nc3 {[%clk 01:13:19]} {[%emt 00:01:31]} Rae8 {[%clk
01:13:39]} {[%emt 00:01:12]} 14. Bf1 {[%clk 01:11:53]} {[%emt 00:01:55]} Bf3
{[%clk 01:08:55]} {[%emt 00:05:14]} 15. Qg5 {[%clk 01:09:19]} {[%emt 00:03:04]}
Ng4 {[%clk 01:07:00]} {[%emt 00:02:26]} 16. Bg2 {[%clk 00:55:05]} {[%emt
00:14:44]} Qxg5 {[%clk 01:02:05]} {[%emt 00:05:25]} 17. Bxg5 {[%clk 00:55:25]}
{[%emt 00:00:10]} f5 {[%clk 00:58:34]} {[%emt 00:04:01]} 18. Bxf3 {[%clk
00:52:37]} {[%emt 00:03:17]} exf3 {[%clk 00:58:57]} {[%emt 00:00:08]} 19. h3
{[%clk 00:51:22]} {[%emt 00:01:44]} Ne5 {[%clk 00:57:46]} {[%emt 00:01:42]} 20.
Rad1 {[%clk 00:47:37]} {[%emt 00:04:15]} h6 {[%clk 00:54:57]} {[%emt 00:03:19]}
21. Bf4 {[%clk 00:41:09]} {[%emt 00:06:58]} g5 {[%clk 00:53:42]} {[%emt
00:01:45]} 22. Bxe5 {[%clk 00:40:02]} {[%emt 00:01:37]} Rxe5 {[%clk 00:53:32]}
{[%emt 00:00:40]} 23. Rxe5 {[%clk 00:39:11]} {[%emt 00:01:21]} Bxe5 {[%clk
00:53:58]} {[%emt 00:00:05]} 24. Rd3 {[%clk 00:34:30]} {[%emt 00:05:10]} g4
{[%clk 00:54:12]} {[%emt 00:00:16]} 25. Nd1 {[%clk 00:33:21]} {[%emt 00:01:39]}
Bd6 {[%clk 00:52:58]} {[%emt 00:01:44]} 26. Ne3 {[%clk 00:28:39]} {[%emt
00:05:13]} h5 {[%clk 00:52:49]} {[%emt 00:00:39]} 27. Rc3 {[%clk 00:25:57]}
{[%emt 00:03:09]} c5 {[%clk 00:37:03]} {[%emt 00:16:19]} 28. Rd3 {[%clk
00:19:39]} {[%emt 00:06:48]} Kg7 {[%clk 00:35:29]} {[%emt 00:02:04]} 29. Rd5
{[%clk 00:19:39]} {[%emt 00:00:29]} Kg6 {[%clk 00:35:39]} {[%emt 00:00:20]} 30.
Nc4 {[%clk 00:17:58]} {[%emt 00:02:12]} Rf6 {[%clk 00:34:39]} {[%emt 00:01:29]}
31. Nxd6 {[%clk 00:15:24]} {[%emt 00:03:05]} Rxd6 {[%clk 00:32:54]} {[%emt
00:02:15]} 32. Rxc5 {[%clk 00:15:24]} {[%emt 00:00:29]} Rd1+ {[%clk 00:32:27]}
{[%emt 00:00:58]} 33. Kh2 {[%clk 00:15:52]} {[%emt 00:00:01]} Rf1 {[%clk
00:32:40]} {[%emt 00:00:17]} 34. Rc6+ {[%clk 00:15:56]} {[%emt 00:00:27]} Kf7
{[%clk 00:32:47]} {[%emt 00:00:23]} 35. Rxc7+ {[%clk 00:16:09]} {[%emt
00:00:16]} Ke6 {[%clk 00:33:10]} {[%emt 00:00:07]} 36. hxg4 {[%clk 00:16:02]}
{[%emt 00:00:37]} hxg4 {[%clk 00:32:18]} {[%emt 00:01:22]} 37. Rc3 {[%clk
00:11:59]} {[%emt 00:04:33]} Rxf2+ {[%clk 00:32:41]} {[%emt 00:00:08]} 38. Kg1
{[%clk 00:12:28]} Rg2+ {[%clk 00:32:53]} {[%emt 00:00:18]} 39. Kf1 {[%clk
00:12:45]} {[%emt 00:00:12]} Rxg3 {[%clk 00:33:07]} {[%emt 00:00:16]} 40. b4
{[%clk 00:10:46]} {[%emt 00:02:30]} Rh3 {[%clk 00:30:08]} {[%emt 00:03:28]} 41.
b5 {[%clk 00:11:03]} {[%emt 00:00:13]} Rh1+ {[%clk 00:29:53]} {[%emt 00:00:46]}
42. Kf2 {[%clk 00:11:16]} {[%emt 00:00:16]} Rb1 {[%clk 00:30:14]} {[%emt
00:00:09]} 43. a4 {[%clk 00:11:12]} {[%emt 00:00:35]} Rb4 {[%clk 00:30:27]}
{[%emt 00:00:14]} 44. Rb3 {[%clk 00:06:47]} {[%emt 00:04:57]} Rxa4 {[%clk
00:30:04]} {[%emt 00:00:54]} 45. b6 {[%clk 00:07:12]} {[%emt 00:00:05]} axb6
{[%clk 00:30:22]} {[%emt 00:00:11]} 46. Rxb6+ {[%clk 00:07:41]} {[%emt
00:00:02]} Ke5 {[%clk 00:30:16]} {[%emt 00:00:35]} 47. Rb1 {[%clk 00:04:48]}
{[%emt 00:03:24]} Kf4 {[%clk 00:30:36]} {[%emt 00:00:09]} 48. Rb3 {[%clk
00:04:32]} {[%emt 00:00:47]} g3+ {[%clk 00:31:00]} {[%emt 00:00:06]}  0-1